000 00334nam a22001457a 4500
008 230124b ||||| |||| 00| 0 eng d
020 _a2901285068908
041 _aeng
080 _2FIFTH EDITION
_a343.9
082 _a343.9SIE
100 _a30
101 _aJURED
245 _aCRIMINOLOGY THE CORE
_cSIEGEL J L
942 _2udc
_cBK
999 _c59258
_d59258